Manufacturing Technology: Theory and Problems / (Record no. 2262)

MARC details
000 -LEADER
Fixed length control field 00442nam a2200169 4500
003 - CONTROL NUMBER IDENTIFIER
Control field SEACOMEC
005 - DATE AND TIME OF LATEST TRANSACTION
Control field 20250505133416.0
008 - FIXED-LENGTH DATA ELEMENTS--GENERAL INFORMATION
Fixed length control field 250505b |||||||| |||| 00| 0 eng d
020 ## - INTERNATIONAL STANDARD BOOK NUMBER / ISBN
International Standard Book Number 9789332500808
Price 275.00
040 ## - CATALOGING SOURCE
Original cataloging agency SEACOMEC
082 ## - DEWEY DECIMAL CLASSIFICATION NUMBER
Classification number 670
Book Number S617
100 ## - MAIN ENTRY--PERSONAL NAME
Personal name Singh , D. K.
245 ## - TITLE STATEMENT
Title Manufacturing Technology: Theory and Problems /
Statement of responsibility D. K. Singh
250 ## - EDITION STATEMENT
Edition statement 2nd ed
260 ## - IMPRINT
Place of publication New Delhi :
Name of publisher Pearson,
Date of publication 2009
942 ## - ADDED ENTRY ELEMENTS (KOHA)
Koha item type Books
Holdings
Withdrawn status Lost status Source of classification Damaged status Not for loan Home library Current library Date acquired Total Checkouts Call number Accession number Date last seen Price effective from Koha item type Copy number
    Dewey Decimal Classification     SEACOM ENGINEERING COLLEGE SEACOM ENGINEERING COLLEGE 23/09/2010   670 S617 17110 05/05/2025 05/05/2025 Reference Books  
    Dewey Decimal Classification     SEACOM ENGINEERING COLLEGE SEACOM ENGINEERING COLLEGE 23/09/2010   670 S617 17111 05/05/2025 05/05/2025 Books 1
    Dewey Decimal Classification     SEACOM ENGINEERING COLLEGE SEACOM ENGINEERING COLLEGE 23/09/2010   670 S617 17112 05/05/2025 05/05/2025 Books 2
    Dewey Decimal Classification     SEACOM ENGINEERING COLLEGE SEACOM ENGINEERING COLLEGE 23/09/2010   670 S617 17113 05/05/2025 05/05/2025 Books 3
    Dewey Decimal Classification     SEACOM ENGINEERING COLLEGE SEACOM ENGINEERING COLLEGE 23/09/2010   670 S617 17114 05/05/2025 05/05/2025 Books 4
© Seacom Engineering College, All rights reserved.      Powered by Koha